Вып. 2: Сборник статей; Нелинейная динамика и управление

Bibliographic Details
Parent link:Нелинейная динамика и управление/ Московский государственный университет им. М. В. Ломоносова; Российская академия наук; Институт системного анализа; под ред. С. В. Емельянова, С. К. Коровина. Вып. 2: Сборник статей.— , 2001-
Language:Russian
Published: 2002
Subjects:
Format: Book
KOHA link:https://koha.lib.tpu.ru/cgi-bin/koha/opac-detail.pl?biblionumber=52412

MARC

LEADER 00000nam2a2200000 4500
001 52412
005 20231031041549.0
010 |a 5922103326 
035 |a (RuTPU)RU\TPU\book\54920 
090 |a 52412 
100 |a 20030529d2002 k y0rusy50 ca 
101 0 |a rus 
102 |a RU 
105 |a a z 001zy 
200 0 |a Вып. 2: Сборник статей 
210 |d 2002 
215 |a 336 с.  |c ил. 
320 |a Библиогр. в конце глав 
461 1 |0 (RuTPU)RU\TPU\book\43463  |t Нелинейная динамика и управление  |f Московский государственный университет им. М. В. Ломоносова; Российская академия наук; Институт системного анализа; под ред. С. В. Емельянова, С. К. Коровина  |v Вып. 2: Сборник статей  |d 2001-  
610 1 |a автоматика 
610 1 |a нелинейная динамика 
610 1 |a управление 
610 1 |a хаотическая динамика 
610 1 |a сложные системы 
610 1 |a оптимизация 
610 1 |a неопределенность 
610 1 |a устойчивость 
610 1 |a стабилизация 
610 1 |a применение 
675 |a 681.511.4  |v 3 
801 1 |a RU  |b 63413507  |c 20030529  |g PSBO 
801 2 |a RU  |b 63413507  |c 20110428  |g PSBO 
942 |c BK